[Event "World Blitz 2025"]
[Site "Doha QAT"]
[Date "2025.12.30"]
[Round "18.24"]
[White "Shimanov, Aleksandr"]
[Black "Praggnanandhaa, R"]
[Result "0-1"]
[WhiteTitle "GM"]
[BlackTitle "GM"]
[WhiteElo "2578"]
[BlackElo "2761"]
[WhiteFideId "4198603"]
[BlackFideId "25059530"]
[EventDate "2025.12.29"]

1. e4 c6 2. Nf3 d5 3. exd5 cxd5 4. Ne5 Nc6 5. Bb5 Bd7 6. Bxc6 bxc6 7. O-O Nf6 8.
d4 g6 9. Nc3 Bg7 10. Bf4 O-O 11. Re1 Rc8 12. Na4 Ne4 13. f3 c5 14. Nxd7 Bxd4+
15. Be3 Qxd7 16. Bxd4 cxd4 17. Qxd4 Rc4 18. Qd3 Nf6 19. b3 Rc7 20. Re2 Rfc8 21.
Rae1 e6 22. Qd4 Ne8 23. Qd1 Ng7 24. Nb2 a5 25. Nd3 Nf5 26. Ne5 Qe7 27. c4 Rd8
28. Qa1 dxc4 29. Nxc4 a4 30. Qc3 axb3 31. axb3 h5 32. Rd2 Rxd2 33. Qxd2 h4 34.
Rd1 Qf6 35. Qd8+ Qxd8 36. Rxd8+ Kg7 37. Kf2 Ra7 38. Rd2 Rb7 39. Rb2 Rb4 40. Nd2
g5 41. Ke2 g4 42. Kd3 h3 43. gxh3 gxh3 44. Kc3 Rb7 45. b4 Kf6 46. b5 Ke5 47.
Nc4+ Kd5 48. b6 Kc5 49. Re2 Ne7 50. Re5+ Nd5+ 51. Kd3 Rd7 52. Rh5 f6 53. Rh4
Nxb6+ 54. Kc3 Nd5+ 55. Kc2 Rg7 56. Nd2 Rg2 57. Rxh3 e5 58. Rh6 Kd4 59. Kc1 f5
60. Rh5 Ne3 61. Nb1 Rc2# 0-1

[Event "World Blitz 2025"]
[Site "Doha QAT"]
[Date "2025.12.30"]
[Round "18.25"]
[White "Esipenko, Andrey"]
[Black "Grandelius, Nils"]
[Result "1-0"]
[WhiteTitle "GM"]
[BlackTitle "GM"]
[WhiteElo "2698"]
[BlackElo "2664"]
[WhiteFideId "24175439"]
[BlackFideId "1710400"]
[EventDate "2025.12.29"]

1. e4 c5 2. Nf3 e6 3. d4 cxd4 4. Nxd4 Nc6 5. Nc3 Qc7 6. Be2 Nf6 7. Ndb5 Qb8 8.
f4 d6 9. Be3 Be7 10. g4 a6 11. Nd4 Nxd4 12. Qxd4 e5 13. Qd3 exf4 14. Bxf4 Be6
15. O-O-O O-O 16. g5 Nd7 17. Bxd6 Bxg5+ 18. Kb1 Qc8 19. Qg3 Bh6 20. Bxf8 Qxf8
21. Bg4 Bxg4 22. Qxg4 Ne5 23. Qe2 Rc8 24. Nd5 g6 25. h4 Bg7 26. h5 Nc4 27. c3
Qd6 28. h6 Bh8 29. Ne3 Na3+ 30. Ka1 Qe6 31. Qd3 Bf6 32. Nd5 Nc4 33. Nxf6+ Qxf6
34. Rhf1 Qe7 35. Rf2 Ne5 36. Qd5 Ng4 37. Rf4 Ne3 38. Qd7 Kf8 39. Qxc8+ 1-0

[Event "World Blitz 2025"]
[Site "Doha QAT"]
[Date "2025.12.30"]
[Round "18.26"]
[White "Hovhannisyan, Robert"]
[Black "Sadhwani, Raunak"]
[Result "0-1"]
[WhiteTitle "GM"]
[BlackTitle "GM"]
[WhiteElo "2621"]
[BlackElo "2638"]
[WhiteFideId "13302507"]
[BlackFideId "35093487"]
[EventDate "2025.12.29"]

1. e4 d6 2. d4 g6 3. Nf3 Bg7 4. Be3 Bg4 5. Nc3 Nd7 6. Be2 Ngf6 7. e5 Ng8 8. h3
Bxf3 9. Bxf3 Rb8 10. exd6 cxd6 11. O-O Ngf6 12. Re1 O-O 13. Qd2 b5 14. Rad1 b4
15. Nd5 Nxd5 16. Bxd5 e6 17. Bc6 d5 18. Bf4 Rb6 19. Bxd7 Qxd7 20. Be5 Rc8 21.
Bxg7 Kxg7 22. Re2 Qa4 23. b3 Qxa2 24. h4 h5 25. g4 Rbc6 26. Qf4 Rxc2 27. Re3 Rc1
28. Rxc1 Rxc1+ 29. Kg2 Qb1 30. Qe5+ Kh7 31. gxh5 Rg1+ 32. Kh2 Qf1 33. hxg6+ Rxg6
34. Qh5+ Kg8 35. Qf3 Kg7 36. Re5 Qg1+ 37. Kh3 Rf6 38. Qg3+ Qxg3+ 39. Kxg3 Rg6+
40. Kf3 Rg1 41. Re2 Rc1 42. Ra2 Rc3+ 43. Ke2 Rxb3 44. Rxa7 Rc3 45. h5 b3 46. h6+
Kxh6 47. Rxf7 Rc2+ 48. Kd3 Kg6 49. Rf8 Kg7 50. Re8 Kf7 51. Rb8 Rxf2 52. Ke3 Rh2
53. Kf4 Kf6 54. Rf8+ Ke7 55. Rb8 b2 56. Ke3 Kd6 57. Rb6+ Kc7 58. Rb5 Kc6 59. Rb8
Kd7 60. Rb6 Ke7 61. Rb8 Rh3+ 62. Kf4 Rd3 63. Rxb2 Rxd4+ 64. Ke3 Rh4 65. Rb8 Kd6
66. Rg8 Rh3+ 67. Kd2 d4 68. Rg5 e5 69. Rg8 Kd5 70. Rg7 Rh2+ 71. Ke1 e4 72. Ra7
e3 73. Ra8 Ke4 0-1

[Event "World Blitz 2025"]
[Site "Doha QAT"]
[Date "2025.12.30"]
[Round "18.27"]
[White "Uskov, Artem"]
[Black "Robson, Ray"]
[Result "1-0"]
[WhiteTitle "GM"]
[BlackTitle "GM"]
[WhiteElo "2516"]
[BlackElo "2650"]
[WhiteFideId "34254854"]
[BlackFideId "2023970"]
[EventDate "2025.12.29"]

1. e4 e5 2. Nf3 Nc6 3. Bc4 Nf6 4. d3 Bc5 5. Bg5 h6 6. Bh4 d6 7. c3 a5 8. Nbd2
Ba7 9. Qe2 Qe7 10. O-O-O Bd7 11. Bb5 O-O-O 12. Nc4 g5 13. Bg3 Qe6 14. Kb1 d5 15.
exd5 Nxd5 16. Bxc6 Bxc6 17. Qxe5 Qg6 18. Qe2 Rhe8 19. Qc2 Bb5 20. Nce5 Qf6 21.
d4 Kb8 22. Rhe1 Nf4 23. a4 Bc6 24. Bxf4 gxf4 25. d5 Bxf2 26. dxc6 Bxe1 27. Nd7+
Rxd7 28. cxd7 Rd8 29. Nxe1 Qe6 30. Qd3 Qb3 31. Qd4 c5 32. Qxf4+ Ka7 33. Nc2 c4
34. Qc7 1-0

[Event "World Blitz 2025"]
[Site "Doha QAT"]
[Date "2025.12.30"]
[Round "18.28"]
[White "Tabatabaei, M. Amin"]
[Black "Dominguez Perez, Leinier"]
[Result "0-1"]
[WhiteTitle "GM"]
[BlackTitle "GM"]
[WhiteElo "2700"]
[BlackElo "2738"]
[WhiteFideId "12521213"]
[BlackFideId "3503240"]
[EventDate "2025.12.29"]

1. d4 d5 2. Nc3 Nf6 3. Bf4 a6 4. e3 h6 5. h4 c5 6. dxc5 Nc6 7. Nf3 Bg4 8. Qd2
Bxf3 9. gxf3 e5 10. Bg3 Bxc5 11. O-O-O Qa5 12. a3 Rd8 13. Kb1 d4 14. exd4 Rxd4
15. Bd3 Bxa3 16. Na2 Qb6 17. Qc3 Bd6 18. Nc1 Nd5 19. Qb3 Rb4 20. Qa3 Rb5 21.
Bxb5 Bxa3 22. Rxd5 axb5 23. bxa3 O-O 24. Rhd1 b4 25. a4 Qa6 26. f4 exf4 27. Bxf4
Qxa4 28. Nb3 Ra8 29. Bc7 Qa2+ 30. Kc1 Re8 31. R5d2 Qa6 32. Kb2 Re2 33. Bf4 Rxd2
34. Rxd2 Qc4 35. Bg3 Qe6 36. Rd3 Qf6+ 37. Kb1 b6 38. Re3 Na5 39. Nd2 Qc6 40. Rd3
Nc4 41. Nxc4 Qxc4 42. Kb2 Kh7 43. Rb3 f5 44. Rf3 Qd4+ 45. Kc1 Kg6 46. Rf4 Qa1+
47. Kd2 Qc3+ 48. Kd1 b3 49. cxb3 Qxb3+ 50. Kd2 b5 51. Rd4 b4 52. Rd6+ Kh7 53.
Be5 Qa2+ 54. Ke3 Qc4 55. f4 Qc5+ 56. Kd2 b3 57. h5 Qb4+ 58. Ke3 b2 59. Rd7 Qe4+
60. Kf2 Qxe5 61. fxe5 b1=Q 62. Re7 Qb2+ 63. Kf3 Qa3+ 0-1

[Event "World Blitz 2025"]
[Site "Doha QAT"]
[Date "2025.12.30"]
[Round "18.29"]
[White "Alekseenko, Kirill"]
[Black "Yakubboev, Nodirbek"]
[Result "1-0"]
[WhiteTitle "GM"]
[BlackTitle "GM"]
[WhiteElo "2659"]
[BlackElo "2691"]
[WhiteFideId "4135539"]
[BlackFideId "14203987"]
[EventDate "2025.12.29"]

1. e4 e5 2. Nf3 Nc6 3. Bc4 Nf6 4. d3 Be7 5. Nc3 d6 6. a3 O-O 7. O-O Bg4 8. h3
Bxf3 9. Qxf3 Nd4 10. Qd1 c6 11. Ba2 Ne6 12. Re1 Qc7 13. Ne2 Rad8 14. Ng3 d5 15.
b4 g6 16. Bb2 d4 17. Bxe6 fxe6 18. c3 c5 19. Qb3 Qb6 20. cxd4 exd4 21. b5 Kg7
22. a4 a5 23. Bc1 Nd7 24. Bd2 Bh4 25. Rf1 Bxg3 26. fxg3 h6 27. Rf4 g5 28. Rff1
Ne5 29. Rxf8 Rxf8 1-0

[Event "World Blitz 2025"]
[Site "Doha QAT"]
[Date "2025.12.30"]
[Round "18.30"]
[White "Santos Latasa, Jaime"]
[Black "Agmanov, Zhandos"]
[Result "1-0"]
[WhiteTitle "GM"]
[BlackTitle "IM"]
[WhiteElo "2616"]
[BlackElo "2471"]
[WhiteFideId "2293307"]
[BlackFideId "13708309"]
[EventDate "2025.12.29"]

1. e4 e6 2. d4 d5 3. Nc3 Nf6 4. e5 Nfd7 5. f4 c5 6. Nf3 Nc6 7. Be3 a6 8. a3 cxd4
9. Nxd4 Bc5 10. Qd2 g5 11. Nxc6 Bxe3 12. Qxe3 bxc6 13. g3 Qb6 14. Qxb6 Nxb6 15.
Bd3 Bb7 16. b4 Nd7 17. Na4 Ke7 18. Nc5 Bc8 19. Kd2 h6 20. Nb3 Nb6 21. Rhf1 Rg8
22. Rf2 Rg7 23. a4 Rb8 24. a5 Nd7 25. Kc3 gxf4 26. gxf4 f6 27. exf6+ Kxf6 28.
Re1 Rg4 29. Nd4 Nf8 30. Nxc6 Ra8 31. f5 exf5 32. Ne7 d4+ 33. Kd2 f4 34. Nd5+ Kg7
35. Nb6 Bb7 36. Re7+ Kf6 37. Rxb7 Re8 38. Nd5+ Kg5 39. Rg7+ Kh4 40. Rxg4+ 1-0

[Event "World Blitz 2025"]
[Site "Doha QAT"]
[Date "2025.12.30"]
[Round "18.31"]
[White "Pranav, V"]
[Black "Dau Khuong Duy"]
[Result "1-0"]
[WhiteTitle "GM"]
[BlackTitle "IM"]
[WhiteElo "2641"]
[BlackElo "2489"]
[WhiteFideId "25060783"]
[BlackFideId "12424722"]
[EventDate "2025.12.29"]

1. d4 f5 2. Nf3 Nf6 3. Bg5 e6 4. Nbd2 Be7 5. Bxf6 Bxf6 6. e4 d5 7. exf5 exf5 8.
Bd3 O-O 9. O-O g6 10. Re1 c6 11. c4 dxc4 12. Bxc4+ Kg7 13. Qb3 Nd7 14. Rad1 Nb6
15. h3 Bd7 16. Ne5 Be8 17. Ndf3 Nxc4 18. Qxc4 Bf7 19. Qb4 Qb6 20. Qc3 Rad8 21.
b3 Bd5 22. h4 Qc7 23. Qe3 Rfe8 24. Qc1 h6 25. h5 g5 26. Qc2 Qc8 27. Nh2 Be4 28.
Qc3 c5 29. Qa5 cxd4 30. Nc4 d3 31. Nf1 Qc6 32. Nfe3 b6 33. Qxa7+ Rd7 34. Qxb6
Qxb6 35. Nd2 1-0

[Event "World Blitz 2025"]
[Site "Doha QAT"]
[Date "2025.12.30"]
[Round "18.32"]
[White "Makarian, Rudik"]
[Black "Pranav, Anand"]
[Result "0-1"]
[WhiteTitle "GM"]
[BlackTitle "GM"]
[WhiteElo "2524"]
[BlackElo "2591"]
[WhiteFideId "44105681"]
[BlackFideId "46626786"]
[EventDate "2025.12.29"]

1. d4 Nf6 2. c4 e6 3. Nf3 d5 4. g3 Bb4+ 5. Bd2 Be7 6. Bg2 c6 7. Qc2 Nbd7 8. Bf4
O-O 9. Nbd2 Nh5 10. h4 h6 11. e3 a5 12. O-O a4 13. a3 Qa5 14. Ne5 Rd8 15. Rfd1
Nxf4 16. exf4 Nxe5 17. fxe5 b6 18. cxd5 cxd5 19. Bf1 Bd7 20. Rac1 Rdc8 21. Qd3
b5 22. Nf3 b4 23. axb4 Qxb4 24. Qd2 Rab8 25. Rxc8+ Rxc8 26. Bd3 Qxd2 27. Rxd2
Rb8 28. Rc2 Bd8 29. Kf1 Kf8 30. Ke2 Ke7 31. h5 Rb4 32. Ke3 Rb3 33. Ke2 Bb6 34.
Rd2 Rb4 35. Ke3 f6 36. Bg6 Bb5 37. exf6+ gxf6 38. Kf4 e5+ 39. Kg4 exd4 40. Nh4
d3+ 41. Kf3 Ba5 42. Nf5+ Kd7 43. Nxh6 Rb3 44. Rd1 d2+ 45. Kg2 Be2 46. Rh1 d1=Q
47. Rxd1 Bxd1 48. Nf5 Bxh5 49. Bxh5 Rxb2 50. Bf7 Bb6 51. g4 a3 52. Bxd5 a2 53.
Bxa2 Rxf2+ 54. Kg3 Rxa2 55. Kh4 Ke6 56. Ng7+ 0-1

[Event "World Blitz 2025"]
[Site "Doha QAT"]
[Date "2025.12.30"]
[Round "18.33"]
[White "Mamedov, Edgar"]
[Black "Maghsoodloo, Parham"]
[Result "0-1"]
[WhiteTitle "GM"]
[BlackTitle "GM"]
[WhiteElo "2492"]
[BlackElo "2708"]
[WhiteFideId "13739980"]
[BlackFideId "12539929"]
[EventDate "2025.12.29"]

1. d4 d5 2. c4 e6 3. Nf3 c6 4. e3 a6 5. Nc3 Nf6 6. Be2 Nbd7 7. O-O dxc4 8. a4
Bd6 9. Nd2 Qc7 10. f4 b5 11. axb5 cxb5 12. Nxb5 axb5 13. Rxa8 Nb6 14. Ra1 Nbd5
15. Nb1 O-O 16. Bf3 Nb4 17. Nc3 Bd7 18. g4 Nfd5 19. Bg2 Bc6 20. Ne4 Nd3 21. g5
Ne7 22. b3 Bb4 23. bxc4 bxc4 24. Bd2 Bxd2 25. Qxd2 Nf5 26. Ng3 Bxg2 27. Kxg2
Qc6+ 28. Kg1 Nh4 29. Qe2 Rb8 30. Rad1 Rb2 31. Rd2 Rxd2 32. Qxd2 Nf3+ 33. Rxf3
Qxf3 34. Qe2 Qb7 35. Qa2 Qc6 36. Ne2 h5 37. gxh6 Qf3 38. Nc3 Qxe3+ 39. Kg2 Nxf4+
40. Kf1 Qxc3 0-1

[Event "World Blitz 2025"]
[Site "Doha QAT"]
[Date "2025.12.30"]
[Round "18.34"]
[White "Indjic, Aleksandar"]
[Black "Ponkratov, Pavel"]
[Result "1-0"]
[WhiteTitle "GM"]
[BlackTitle "GM"]
[WhiteElo "2635"]
[BlackElo "2587"]
[WhiteFideId "911925"]
[BlackFideId "4157800"]
[EventDate "2025.12.29"]

1. d4 e6 2. c4 c5 3. d5 exd5 4. cxd5 d6 5. Nc3 a6 6. e4 b5 7. a4 b4 8. Nb1 g6 9.
Nd2 Nf6 10. a5 Bd7 11. Bd3 Bb5 12. Qe2 Bxd3 13. Qxd3 Bg7 14. f4 O-O 15. Ngf3 Re8
16. O-O Ra7 17. Re1 Rae7 18. Qc4 Qd7 19. g3 Qb5 20. e5 dxe5 21. d6 Ra7 22. fxe5
Nfd7 23. Qf4 Nc6 24. Nc4 h6 25. b3 Re6 26. Bb2 Ra8 27. Rf1 Rae8 28. Ng5 hxg5 29.
Qxf7+ 1-0

[Event "World Blitz 2025"]
[Site "Doha QAT"]
[Date "2025.12.30"]
[Round "18.35"]
[White "Gholami Orimi, Mahdi"]
[Black "Svane, Rasmus"]
[Result "1-0"]
[WhiteTitle "GM"]
[BlackTitle "GM"]
[WhiteElo "2515"]
[BlackElo "2608"]
[WhiteFideId "12558486"]
[BlackFideId "4657101"]
[EventDate "2025.12.29"]

1. d4 Nf6 2. c4 e6 3. Nc3 Bb4 4. e3 O-O 5. Bd3 d5 6. cxd5 exd5 7. a3 Bd6 8. Qc2
c6 9. Nge2 Re8 10. Bd2 h6 11. O-O Be6 12. Rad1 Nbd7 13. f3 c5 14. Bc1 Rc8 15. h3
a6 16. Qd2 b5 17. dxc5 Bxc5 18. Nd4 Qb6 19. Qf2 Ne5 20. Nce2 Bd7 21. Bb1 a5 22.
Nf4 b4 23. axb4 axb4 24. g4 Nc6 25. h4 Nxd4 26. exd4 Bd6 27. Nd3 Bb5 28. Rfe1
Rxe1+ 29. Rxe1 Qb8 30. Ne5 Nd7 31. f4 Nf6 32. g5 hxg5 33. hxg5 Ne4 34. Qg2 b3
35. g6 Bxe5 36. fxe5 Qa7 37. Be3 Rc6 38. Bxe4 dxe4 39. d5 Rxg6 40. Bxa7 1-0

[Event "World Blitz 2025"]
[Site "Doha QAT"]
[Date "2025.12.30"]
[Round "18.36"]
[White "Harikrishna, Pentala"]
[Black "Nesterov, Arseniy"]
[Result "0-1"]
[WhiteTitle "GM"]
[BlackTitle "GM"]
[WhiteElo "2693"]
[BlackElo "2595"]
[WhiteFideId "5007003"]
[BlackFideId "24198455"]
[EventDate "2025.12.29"]

1. Nf3 d5 2. g3 c5 3. Bg2 Nc6 4. O-O e5 5. d3 Be7 6. a4 h5 7. e4 d4 8. Na3 h4 9.
Nc4 Qc7 10. c3 Be6 11. Bd2 hxg3 12. hxg3 Nf6 13. Qe2 O-O-O 14. Rfc1 Bxc4 15.
dxc4 d3 16. Qe1 Na5 17. Rd1 Nxc4 18. b3 Na5 19. Rab1 c4 20. b4 Nb3 21. Be3 Ng4
22. a5 Nxe3 23. Qxe3 Kb8 24. Bf1 Qd6 25. Bxd3 cxd3 26. Rxb3 Qe6 27. Nd2 Bg5 28.
f4 Bxf4 29. gxf4 Qg4+ 30. Kf2 Rh2+ 0-1

[Event "World Blitz 2025"]
[Site "Doha QAT"]
[Date "2025.12.30"]
[Round "18.37"]
[White "Daneshvar, Bardiya"]
[Black "Ivanchuk, Vasyl"]
[Result "1/2-1/2"]
[WhiteTitle "GM"]
[BlackTitle "GM"]
[WhiteElo "2600"]
[BlackElo "2607"]
[WhiteFideId "12576468"]
[BlackFideId "14100010"]
[EventDate "2025.12.29"]

1. e4 e6 2. d4 d5 3. Nc3 Bb4 4. exd5 exd5 5. Bd3 Nc6 6. a3 Ba5 7. Nf3 Nge7 8. h3
Bf5 9. b4 Bb6 10. Be3 Qd7 11. O-O O-O 12. Re1 Bxd3 13. Qxd3 f6 14. Re2 Rae8 15.
Na4 Nf5 16. Nxb6 axb6 17. Rae1 Re4 18. Nd2 Re7 19. c3 g5 20. Nb3 Rfe8 21. Bc1
Rxe2 22. Rxe2 Rxe2 23. Qxe2 Nce7 24. Qf3 Ng6 25. Nd2 c6 26. a4 Qe6 27. Nf1 Kg7
28. g3 Nge7 29. a5 bxa5 30. bxa5 Qe1 31. Ba3 Qa1 32. Bb4 Qb1 33. Kg2 Ng6 34. Qe2
Kf7 35. a6 bxa6 36. Qxa6 Qe4+ 37. Kg1 Qe6 38. Qb7+ Kg8 39. Qb8+ Kf7 40. Qc7+ Kg8
41. Nh2 h5 42. Nf1 h4 43. Qd8+ Kg7 44. Qc7+ Kh6 45. Nh2 Qe1+ 46. Kg2 Qe4+ 47.
Kg1 Qe1+ 48. Kg2 Qe4+ 49. Kg1 Qe1+ 50. Kg2 1/2-1/2

[Event "World Blitz 2025"]
[Site "Doha QAT"]
[Date "2025.12.30"]
[Round "18.38"]
[White "Lobanov, Sergei"]
[Black "Safarli, Eltaj"]
[Result "0-1"]
[WhiteTitle "GM"]
[BlackTitle "GM"]
[WhiteElo "2527"]
[BlackElo "2644"]
[WhiteFideId "24183750"]
[BlackFideId "13402129"]
[EventDate "2025.12.29"]

1. d4 Nf6 2. c4 e6 3. Nc3 Bb4 4. e3 O-O 5. Bd3 d5 6. a3 dxc4 7. Bxc4 Be7 8. Nf3
c5 9. O-O a6 10. dxc5 Bxc5 11. b4 Bd6 12. Bb2 b5 13. Bd3 Bb7 14. Rc1 Qe7 15. Qc2
Nbd7 16. Ne4 Rac8 17. Nxf6+ Nxf6 18. Qb1 h6 19. Rxc8 Rxc8 20. Rc1 Rd8 21. Rd1
Ng4 22. h3 Nf6 23. Be2 Ne4 24. Qa1 f6 25. Bd3 e5 26. Be2 Bb8 27. Qa2+ Kh7 28.
Qb1 Rxd1+ 29. Qxd1 Qd6 30. Qc2 Kg8 31. Bd3 Qd5 32. Bxe4 Qxe4 33. Qxe4 Bxe4 34.
Nd2 Bc2 35. Kf1 Kf7 36. Ke2 e4 37. Bd4 h5 38. Nf1 Bd3+ 39. Ke1 h4 40. Nd2 g5 41.
Nb3 Bd6 42. Nc5 Bxc5 43. Bxc5 f5 44. Kd2 Bf1 45. g3 Bxh3 46. gxh4 gxh4 47. Ke2
Ke6 48. Bb6 Kd5 49. Bd8 Bg4+ 50. Kd2 h3 51. Bc7 Kc4 52. Kc2 Be2 53. Bf4 Bd3+ 54.
Kb2 Be2 55. Kc2 Bh5 56. Bg3 Bf7 57. Bf4 Bh5 58. Bg3 Be2 59. Bf4 Kd5 60. Kd2 Bd3
61. Kc3 Bb1 62. Kb2 Bd3 63. Kc3 Bf1 64. Kd2 Ke6 65. Ke1 Bd3 66. Kd2 Bb1 67. Ke2
Kd5 68. f3 Kc4 69. fxe4 Bxe4 70. Kf2 Kb3 0-1

[Event "World Blitz 2025"]
[Site "Doha QAT"]
[Date "2025.12.30"]
[Round "18.39"]
[White "Amar, Elham"]
[Black "Oro, Faustino"]
[Result "1-0"]
[WhiteTitle "GM"]
[BlackTitle "IM"]
[WhiteElo "2592"]
[BlackElo "2503"]
[WhiteFideId "1533533"]
[BlackFideId "20000197"]
[EventDate "2025.12.29"]

1. e4 e5 2. Nc3 Nf6 3. d4 d6 4. Nge2 c6 5. a4 Be7 6. g3 O-O 7. Bg2 Re8 8. O-O
Bf8 9. h3 Nbd7 10. Re1 Qc7 11. Be3 exd4 12. Nxd4 Nc5 13. Bg5 Nfd7 14. Qd2 Ne5
15. b3 Bd7 16. Rad1 Ng6 17. Be3 Ne6 18. Nf5 Red8 19. f4 Bc8 20. Nd4 Nxd4 21.
Bxd4 f6 22. Bf2 Be7 23. Ne2 Nf8 24. Nd4 Ne6 25. Nf5 Bf8 26. Qc3 Qf7 27. Ne3 g6
28. Nc4 b6 29. Rd2 Bb7 30. Red1 d5 31. Nb2 dxe4 32. Bxe4 f5 33. Rxd8 Nxd8 34.
Bd3 Bg7 35. Qe1 Ne6 36. Bc4 Re8 37. Rd8 Rxd8 38. Bxe6 Bxb2 39. c3 c5 40. Bxf7+
Kxf7 41. Qe2 Bc1 42. Be1 Be4 43. Qa6 Rd7 44. Qc4+ Kf8 45. Qb5 Be3+ 46. Kh2 Rd1
47. Qe2 Rd3 48. b4 c4 49. b5 Kf7 50. h4 h5 51. Kh3 Ke6 52. Bf2 Bc1 53. Bd4 Kd5
54. Qe1 Bd2 55. Qe2 Bc1 56. Qe1 Ba3 57. a5 bxa5 58. Bxa7 a4 59. Qf2 Bd6 60. Qe2
a3 61. Bd4 Bf3 62. Qe8 a2 63. Qf7+ Ke4 64. Qe6+ 1-0

[Event "World Blitz 2025"]
[Site "Doha QAT"]
[Date "2025.12.30"]
[Round "18.40"]
[White "Le, Tuan Minh"]
[Black "Erdogmus, Yagiz Kaan"]
[Result "0-1"]
[WhiteTitle "GM"]
[BlackTitle "GM"]
[WhiteElo "2598"]
[BlackElo "2658"]
[WhiteFideId "12401153"]
[BlackFideId "44599790"]
[EventDate "2025.12.29"]

1. d4 Nf6 2. Nf3 g6 3. c4 Bg7 4. g3 b6 5. Bg2 Bb7 6. O-O O-O 7. d5 Na6 8. Nc3
Nc5 9. Qc2 e6 10. Rd1 a5 11. Rb1 Re8 12. b3 exd5 13. cxd5 Qe7 14. Bb2 Ng4 15. e3
Ba6 16. d6 cxd6 17. Nd5 Qd8 18. Bxg7 Kxg7 19. b4 axb4 20. Rxb4 Ne5 21. Qc3 Rb8
22. Nf4 Qf6 23. Qa3 Bb7 24. Ne1 Bc6 25. Rbd4 Ra8 26. Qb2 Nc4 27. Qc3 b5 28. Bd5
Rxa2 29. Nf3 Ra3 30. Qc1 Nb3 31. Qc2 Nxd4 32. Nxd4 Raxe3 33. Nxc6 Re1+ 34. Kg2
dxc6 35. Bxc6 R8e2 36. Nxe2 Ne3+ 0-1

[Event "World Blitz 2025"]
[Site "Doha QAT"]
[Date "2025.12.30"]
[Round "18.41"]
[White "Stefansson, Vignir Vatnar"]
[Black "Hong, Andrew"]
[Result "0-1"]
[WhiteTitle "GM"]
[BlackTitle "GM"]
[WhiteElo "2519"]
[BlackElo "2568"]
[WhiteFideId "2308649"]
[BlackFideId "2099438"]
[EventDate "2025.12.29"]

1. d4 Nf6 2. Nf3 d5 3. c4 e6 4. g3 Be7 5. Bg2 O-O 6. Nc3 Nbd7 7. O-O dxc4 8. e4
c5 9. d5 exd5 10. e5 d4 11. exf6 Nxf6 12. Ne2 Bf5 13. Ne5 Be4 14. Bxe4 Nxe4 15.
Nf4 c3 16. Qc2 cxb2 17. Bxb2 Nf6 18. Rfe1 Bd6 19. Qc4 Qc7 20. Nfd3 Rfe8 21. Nf3
Qc6 22. Nfe5 Qc7 23. Nf3 Qc6 24. Ng5 Qc7 25. a4 b6 26. Nf3 Qb7 27. Nfe5 Re6 28.
f4 Rae8 29. Re2 Nd5 30. Rae1 Ne3 31. Rxe3 dxe3 32. Rxe3 Bb8 33. f5 R6e7 34. Qg4
f6 35. Qc4+ Kh8 36. Nf7+ Kg8 37. Nd6+ Kh8 38. Nxb7 Rxe3 39. Nf4 Bxf4 40. Qxf4
Re1+ 41. Kg2 R1e2+ 42. Kh3 Rxb2 43. Nd6 Ree2 44. Nf7+ Kg8 45. Qc7 h5 46. g4 Rb3+
47. Kh4 Re4 48. h3 hxg4 49. hxg4 Rbb4 50. Nh6+ gxh6 51. Qd8+ Kf7 52. Qd7+ Kf8
53. Qd8+ Kf7 54. Qd7+ Re7 55. Qd5+ Kg7 56. Qd6 Rbe4 57. Kh5 Re1 58. Kh4 c4 59.
Qc6 R1e4 60. Kh5 Re3 61. Kh4 c3 62. Qc8 Rf7 63. Qc4 Rfe7 64. Qc8 R3e4 65. Qc6
Rd4 66. Kh5 Rd2 67. Kh4 c2 68. Qc3 Rde2 69. Qc6 a6 70. Kg3 b5 71. axb5 axb5 0-1

[Event "World Blitz 2025"]
[Site "Doha QAT"]
[Date "2025.12.30"]
[Round "18.42"]
[White "Sychev, Klementy"]
[Black "Tsaruk, Maksim"]
[Result "0-1"]
[WhiteTitle "GM"]
[BlackTitle "GM"]
[WhiteElo "2517"]
[BlackElo "2515"]
[WhiteFideId "4114060"]
[BlackFideId "13511173"]
[EventDate "2025.12.29"]

1. e4 e5 2. Nf3 Nc6 3. d4 exd4 4. Nxd4 Nf6 5. Nxc6 bxc6 6. e5 Qe7 7. Qe2 Nd5 8.
g3 d6 9. c4 Nb6 10. Bg2 Bd7 11. O-O dxe5 12. b3 Qe6 13. Bb2 f6 14. Nd2 Bb4 15.
f4 O-O 16. fxe5 fxe5 17. Nf3 e4 18. Ng5 Qg6 19. Nxe4 Bg4 20. Qe3 Rae8 21. Rxf8+
Bxf8 22. Re1 Nd7 23. Kh1 Bb4 24. Rf1 Bf5 25. Rf4 Bd6 26. Rh4 Nc5 0-1

[Event "World Blitz 2025"]
[Site "Doha QAT"]
[Date "2025.12.30"]
[Round "18.43"]
[White "Mendonca, Leon Luke"]
[Black "Sanal, Vahap"]
[Result "1/2-1/2"]
[WhiteTitle "GM"]
[BlackTitle "GM"]
[WhiteElo "2615"]
[BlackElo "2546"]
[WhiteFideId "35028561"]
[BlackFideId "6300545"]
[EventDate "2025.12.29"]

1. d4 d6 2. Nf3 Nf6 3. e3 g6 4. b4 Bg7 5. Bb2 O-O 6. Be2 b6 7. O-O Bb7 8. c4
Nbd7 9. Nc3 c5 10. a3 cxd4 11. exd4 Rc8 12. Re1 Bxf3 13. gxf3 Nh5 14. Kh1 e6 15.
Ne4 d5 16. cxd5 exd5 17. Ng3 Nf4 18. Bf1 h5 19. Rc1 Qf6 20. Ne2 Bh6 21. Ng1 Ne6
22. Rxc8 Rxc8 23. Bh3 Ndf8 24. Qb3 Rc4 25. Bf1 Rc8 26. Qxd5 Rc2 27. Re2 Nf4 28.
Qe4 Nxe2 29. Qxc2 Nxd4 30. Qe4 Nfe6 31. Bc4 Bg7 32. Qa8+ Kh7 33. Qxa7 Qf4 34.
Bxe6 fxe6 35. Bxd4 Qxd4 36. Kg2 Kh6 37. Qe7 Qe5 38. Nh3 b5 39. Qd7 Bf6 40. Qe8
Kg7 41. Qd7+ Kf8 42. Qc6 g5 43. Ng1 Kg7 44. Qc2 Be7 45. Qe2 Qf5 46. Qd2 Bf6 47.
Ne2 h4 48. Ng1 Be5 49. Nh3 g4 50. Qg5+ Qxg5 51. Nxg5 h3+ 52. Kg1 Kf6 53. Ne4+
Kf5 54. Nc5 gxf3 55. a4 bxa4 56. Nxa4 Bb8 57. Nc5 e5 58. b5 e4 59. b6 e3 60.
fxe3 Bxh2+ 61. Kf2 Kg4 62. Ne4 Be5 63. Kg1 h2+ 64. Kh1 Kf5 65. Nd2 f2 66. Kg2
Ke6 67. Nf1 Kd6 68. e4 Kc6 69. Nxh2 Bxh2 70. Kxf2 1/2-1/2

[Event "World Blitz 2025"]
[Site "Doha QAT"]
[Date "2025.12.30"]
[Round "18.44"]
[White "Anton Guijarro, David"]
[Black "Smirnov, Mark"]
[Result "1-0"]
[WhiteTitle "GM"]
[BlackTitle "FM"]
[WhiteElo "2646"]
[BlackElo "2420"]
[WhiteFideId "2285525"]
[BlackFideId "13764594"]
[EventDate "2025.12.29"]

1. d4 Nf6 2. Nf3 d5 3. e3 c5 4. Be2 Nc6 5. O-O Bg4 6. h3 Bxf3 7. Bxf3 cxd4 8.
exd4 e6 9. Re1 Be7 10. c3 O-O 11. Nd2 Qc7 12. Be2 Rab8 13. Bd3 Bd6 14. Nf3 h6
15. Qe2 Nd7 16. Be3 Rfe8 17. Qd2 b5 18. a3 a5 19. Re2 Qd8 20. Bf4 Bxf4 21. Qxf4
Qe7 22. b4 Rec8 23. Re3 Qf6 24. Qd6 Qd8 25. Rae1 Ne7 26. Nh4 Rb6 27. Qf4 Nc6 28.
Rg3 Qf6 29. Qxf6 Nxf6 30. Rge3 Nd8 31. bxa5 Ra6 32. Bxb5 Rxa5 33. a4 Nb7 34. Nf3
Nd6 35. Rb1 Nfe4 36. Rb3 Rb8 37. Ne5 Nd2 38. Rb4 Rc8 39. Nc6 Nxb5 40. Nxa5 Nxc3
41. Nb7 Nde4 42. f3 Nf6 43. Nd6 Rc6 44. Rb8+ Kh7 45. Nxf7 Nxa4 46. Rh8+ 1-0